000 00380nam a2200121Ia 4500
008 160609s9999 xx 000 0 und d
100 _aMatson, Johnny L.
245 _aComorbid Conditions Among Children With Autism Spectrum Disorders
245 _cBy:Johnny L. Matson
260 _c2015
650 _xAUTISM
856 _uhttp://file.ebook777.com/004/ComConAmoChiWitAutSpeDis.pdf
999 _c295845
_d295845